Statistics for Andorra football team all time opponents

Click here to take the quiz!

General Stats

  • This quiz has been taken 16 times
  • The average score is 23 of 41

Answer Stats

Answer% Correct
France
93%
Spain
93%
England
73%
Finland
73%
Belgium
73%
Russia
73%
Republic of Ireland
73%
Poland
73%
Latvia
67%
Lithuania
67%
Wales
67%
Malta
67%
Iceland
67%
Romania
67%
Switzerland
67%
Portugal
67%
Moldova
60%
Albania
60%
Czech Republic
60%
Croatia
60%
Cyprus
60%
Bulgaria
60%
Slovakia
53%
Armenia
53%
Israel
53%
Ukraine
53%
Turkey
53%
Liechtenstein
53%
Azerbaijan
53%
Netherlands
53%
Macedonia
53%
Belarus
53%
Brazil
53%
Hungary
47%
Faroe Islands
40%
China
33%
Kazakhstan
27%
Bosnia and Herzegovina
20%
Saint Kitts and Nevis
13%
Equatorial Guinea
13%
Indonesia
13%

Score Distribution

Percentile by Number Answered

Percent of People with Each Score

Your Score History

You have not taken this quiz